Ready-to-use independent reading management kit : (Record no. 113030)
[ view plain ]
| 000 -LEADER | |
|---|---|
| fixed length control field | 00304nam a2200109 a 4500 |
| 005 - DATE AND TIME OF LATEST TRANSACTION | |
| control field | 20140414131959.0 |
| 008 - FIXED-LENGTH DATA ELEMENTS--GENERAL INFORMATION | |
| fixed length control field | 110214s19uu xx 00 eng d |
| 050 ## - LIBRARY OF CONGRESS CALL NUMBER | |
| Classification number | TR 372.4 |
| Item number | J71 2005 |
| 100 ## - MAIN ENTRY--PERSONAL NAME | |
| Personal name | Jones, Beverly |
| 245 ## - TITLE STATEMENT | |
| Title | Ready-to-use independent reading management kit : |
| Remainder of title | Grades 1. |
| Withdrawn status | Lost status | Damaged status | Home library | Current library | Shelving location | Date acquired | Source of acquisition | Total Checkouts | Full call number | Barcode | Date last seen | Price effective from | Koha item type |
|---|---|---|---|---|---|---|---|---|---|---|---|---|---|
| Munich Library | Munich Library | Teachers Reference Section | 02/14/2011 | TR 372.4 J71 2005 | M4495 | 04/14/2014 | 04/14/2014 | Books |